The story of the Miners' Strike, 1984 - 5
Bewaard in:
| Hoofdauteur: | |
|---|---|
| Formaat: | Boek |
| Taal: | Undetermined |
| Gepubliceerd in: |
Great Britain
William Collins Sons & Co. Ltd.
1986
|
| Onderwerpen: | |
| Tags: |
Voeg label toe
Geen labels, Wees de eerste die dit record labelt!
|
| Thư viện lưu trữ: | Trung tâm Học liệu Trường Đại học Cần Thơ |
|---|
| LEADER | 00469nam a2200169Ia 4500 | ||
|---|---|---|---|
| 001 | CTU_78803 | ||
| 008 | 210402s9999 xx 000 0 und d | ||
| 082 | |a 823.9 | ||
| 082 | |b M147 | ||
| 100 | |a MacGregor, Ian | ||
| 245 | 4 | |a The story of the Miners' Strike, 1984 - 5 | |
| 245 | 0 | |c Ian MacGregor | |
| 260 | |a Great Britain | ||
| 260 | |b William Collins Sons & Co. Ltd. | ||
| 260 | |c 1986 | ||
| 650 | |a Fiction | ||
| 980 | |a Trung tâm Học liệu Trường Đại học Cần Thơ | ||